Extremely Difficult Geography Trivia - Statistics

General Stats
  • This quiz has been taken 249 times
  • The average score is 7 of 25
Answer Stats
Question Answer % Correct
Washington D.C. is named after an American president. Name the only other country to have a capital named after an American president. Liberia
71%
On what island will you find the city of Fukuoka? Kyushu
63%
What color is Lake Hillier? Pink
63%
Which country has land in all four hemispheres? Kiribati
55%
What is the only place on Earth where crocodiles and alligators coexist naturally? Florida
53%
The Caprivi Strip refers to the panhandle in which country? Namibia
48%
The stars on Tuvalu's flag represent what? Islands
47%
On the world's only quadripoint, what is the northernmost country that is part of it? Zambia
40%
What is the largest city on Lithuania's coast? Klaipeda
33%
Which strait separates Tasmania from mainland Australia? {Bass} Strait
32%
Which country has the oldest unchanged national borders? Portugal
32%
Which island can you find the Dingle Peninsula? Ireland
30%
In Finnish, it's known as "Saksa." In Latvian, it's known as "Vācija." In English, it's known as... Germany
29%
Shqipëria, Magyarország, and Deutschland are the native names of various countries. What is term used to describe the native name to a country or place? Endonym
22%
What is the capital of Montserrat? Plymouth
22%
Which city in southeast France is nicknamed the “Pearl of the French Alps?” Annecy
18%
What is the name of Nova Scotia's northeastern island? Cape Breton
17%
Tivat, a town, borders which European bay? Bay of {Kotor}
15%
What is the capital of the Brazilian state of Mato Grosso? Cuiaba
14%
What is "Wadi Al-Hitan" in English? Valley of the {Whales}
8%
What is the most northern county of Maine? Aroostook
7%
What is the largest city in Nauru? Denigomodu
5%
Which strait separates Hokkaido from Sakhalin? {La Perouse} Strait
5%
What is the most southern province of Vanuatu? Tafea
3%
What is the only fjord in the world where orcas can be found year-round? Tysfjord
2%
No matching quizzes found
Score Distribution
Percent of People with Each Score
Percentile by Number Answered
Your Score History
You have not taken this quiz